Loading...
| Social Science | 0 | 4 | 0 | 0 | 40 | 15 | 58.75 | 1 | 2 | 9.71 | 15.91 |
| History - American | 0 | 4 | 0 | 0 | 40 | 62 | 73.25 | 0 | 1 | 5.64 | 6.06 |
| Literature - World | 0 | 4 | 0 | 1 | 40 | 87 | 97.25 | 0 | 1 | 2.42 | 7.82 |
| History - Other | 0 | 3 | 1 | 1 | 25 | 39 | 78.00 | 1 | 1 | 3.63 | 8.03 |
| Science - Chemistry | 0 | 2 | 0 | 0 | 20 | 74 | 77.00 | 0 | 0 | 2.01 | 2.52 |
| Fine Arts - Classical Music | 0 | 2 | 0 | 1 | 20 | 77 | 89.00 | 0 | 0 | 1.62 | 4.21 |
| Philosophy | 0 | 2 | 0 | 0 | 20 | 55 | 77.50 | 0 | 1 | 4.73 | 11.19 |
| Science - Biology | 0 | 2 | 0 | 0 | 20 | 63 | 75.50 | 0 | 1 | 2.34 | 5.08 |
| Science - Other | 0 | 2 | 1 | 0 | 15 | 44 | 66.50 | 0 | 1 | 3.39 | 6.44 |
| Science - Physics | 0 | 2 | 1 | 1 | 15 | 65 | 83.00 | 0 | 0 | 1.35 | 3.64 |
| History - European | 0 | 1 | 0 | 0 | 10 | 111 | 111.00 | 0 | 0 | 0.27 | 0.91 |
| History - World | 0 | 1 | 0 | 0 | 10 | 82 | 82.00 | 0 | 0 | 0.96 | 0.91 |
| Literature - American | 0 | 1 | 0 | 0 | 10 | 39 | 39.00 | 0 | 1 | 3.02 | 4.20 |
| Literature - British | 0 | 1 | 0 | 0 | 10 | 104 | 104.00 | 0 | 1 | 0.43 | 4.09 |
| Literature - European | 0 | 1 | 0 | 0 | 10 | 126 | 126.00 | 0 | 0 | 0.00 | 0.45 |
| Mythology | 0 | 1 | 0 | 1 | 10 | 115 | 115.00 | 0 | 0 | 2.17 | 3.35 |
| Fine Arts - Other | 0 | 1 | 0 | 0 | 10 | 97 | 97.00 | 0 | 0 | 0.50 | 3.18 |
| Painting/Sculpture | 0 | 1 | 1 | 1 | 5 | 122 | 122.00 | 0 | 0 | 0.00 | 1.89 |
| Religion | 0 | 1 | 1 | 1 | 5 | 119 | 119.00 | 0 | 0 | 0.00 | 0.00 |